00701nam a2200181Ia 4500082001200000100002400012245013000036260002900166300002100195650004800216650004500264650004900309650002400358650004900382650002500431650004600456710001700502 aTR.0130 aRajput, Komal Singh 0aStudy of the effect of certain family factors on educational aspiration and academic achievement of secondary school students c1989bGarhwal University a293p. + C D - 51 aACHIEVEMENT, ACADEMIC//ACADEMIC ACHIEVEMENT aSCHOLASTIC SUCCESS//ACADEMIC ACHIEVEMENT aHIGH SCHOOL STUDENTS - SOCIO-ECONOMIC STATUS aSTUDENT ASPIRATIONS aEDUCATIONAL ASPIRATIONS//STUDENT ASPIRATIONS aACADEMIC ACHIEVEMENT aASPIRATIONS, STUDENT//STUDENT ASPIRATIONS aSharma, R.R.